| 000 | 00513nam a22001817a 4500 | ||
|---|---|---|---|
| 003 | DO-SdBNP | ||
| 005 | 20180205111926.0 | ||
| 008 | 180205b ck||||| |||| 00| 0 spa d | ||
| 020 | _a9580438188 | ||
| 040 |
_aBPMSU _bspa _cBPMSU |
||
| 100 | _aSánchez Lozano, Carlos | ||
| 245 |
_aAcento 6 : _bcuaderno de ortografía _cCarlos Sánchez Lozano |
||
| 260 |
_aBogotá : _bGrupo Editorial Norma _c1997 |
||
| 300 |
_a148 p. _c28 cm |
||
| 942 |
_2ddc _cBK |
||
| 945 | _ainventariado, 2018 / dg | ||
| 956 |
_adgarcia _b10 |
||
| 999 |
_c13266 _d13266 |
||